000 00476nam a2200169 i 4500
001 128427
003 ES-MaACL
005 20251015063128.0
007 t|
008 070510s1913 sp ||||1| spa d
100 1 _aTaine, Hippolyte,
_d1828-1893
_9109085
245 1 0 _aCarnets de voyage
_b: notes sur la province /
_cHippolyte Taine.
260 _aParis :
_bA. Desrez.
300 _aVI, 351 p. ;
_c19 cm.
852 _aES-MaACL
_jD-1997
999 _c128427
_d128427